000 00680nam a2200193Ia 4500
003 GCL
008 140319s9999 xx 000 0 ara d
040 _aGCL /
_cGCL
082 0 4 _a155.4
_bم ع
100 1 _aمحمد احمد النابلسى
245 1 0 _aالعلاج النفسى العائلى /
_cمحمد احمد النابلسى
260 _aبيروت :
_bدار النهضة العربية للطباعة والنشر ،
_c1988
300 _a139 ص ؛
_c22 سم
490 _aسلسلة علم نفس الطفل
_v6
650 0 4 _aالاطفال
650 0 4 _aالعلاج النفسى
650 0 4 _aالعلاج العائلى - علم نفس
942 _2ddc
_cBK
999 _c41676
_d41676